=LDR 00000nam 2200000 4500 =001 INLIS000000000005694 =005 20251021111906 =035 ##$$a 0010-1025000749 =007 ta =008 251021###########################0#ind## =082 ##$$a 362.509598 =084 ##$$a 362.509598 DON t =100 #$$a Donald Langi =245 1#$$a TAKESRA Dan KUKESRA, Sebagai Salah Satu Alternatif Pengentasan Kemiskinan : $b - /$c Donald Langi ; Badan Koordiansi Keluarga Berencana Nasional =260 ##$$a Sulawesi Utara :$b Badan Koordinasi Keluarga Berencana Nasional =300 ##$$a 4 hal : $b - ; $c 21 cm =650 #4$$a Keluarga Berencana =710 #$$a Badan Koordinasi Keluarga Berencana Nasional =856 ##$$a Perpustakaan Kemendukbangga